|
|
|
|
| LEADER |
00992cam a2200277 7i4500 |
| 001 |
0000068028 |
| 005 |
20220418090000.0 |
| 020 |
|
|
|a 9780323087049 (electronic book)
|
| 090 |
0 |
0 |
|a QP187
|b .E53 2013
|
| 245 |
0 |
0 |
|a Endocrine and reproductive physiology
|c edited by Bruce A. White, Susan P. Porterfield.
|
| 250 |
|
|
|a Fourth edition.
|
| 264 |
|
|
|a Philadelphia, PA:
|b Elsevier Mosby,
|c 2013.
|
| 300 |
|
|
|a 1 online resource (ix, 297 pages):
|b illustrations, text file, PDF.
|
| 336 |
|
|
|a text
|2 rdacontent
|
| 337 |
|
|
|a computer
|2 rdamedia
|
| 338 |
|
|
|a online resource
|2 rdacarrier
|
| 490 |
0 |
|
|a Mosby physiology monograph series
|
| 650 |
|
0 |
|a Endocrinology
|
| 650 |
|
0 |
|a Endocrine glands --
|x Physiology
|
| 655 |
|
0 |
|a Electronic books
|
| 700 |
1 |
|
|a White, Bruce A.
|
| 700 |
1 |
|
|a Porterfield, Susan P.
|
| 856 |
4 |
2 |
|u http://library.unisel.edu.my/web/guest/mylibrary
|
| 997 |
|
|
|a Health Sciences, Faculty
|
| 998 |
|
|
|a Nursing, Diploma
|
| 999 |
|
|
|a EBO0012319
|b EBOOK
|c EBOOK
|e Electronic resources
|